| 000 | 03229nam a22004215a 4500 | ||
|---|---|---|---|
| 005 | 20090622140210.0 | ||
| 008 | 081028s2009 wau 000 0 eng | ||
| 010 | _aENG-94167 | ||
| 020 |
_a9780415480253 _c650.00 |
||
| 035 | _aEN-77700 | ||
| 035 | _aB-361861-867 | ||
| 037 | _bDBAD / PUB | ||
| 037 | _bUppal Book Store | ||
| 040 |
_adpl _bEnglish |
||
| 082 | _a809.819724 | ||
| 245 |
_aSouthern postcolonialisms: _cedited by Sumanyu Satpathy _bthe global South and the 'New' literary representations / |
||
| 260 |
_aNew Delhi _bRoutledge _c2009 |
||
| 270 |
_a912-915 Tolstoy House, 15-17 Tolstory Marg, _bNew Delhi _e110001 |
||
| 300 |
_axxxvii, 249p. _c23cm(Hb) |
||
| 500 | _aIncludes index | ||
| 500 | _a"The present volume comprises essays selected from a major conference recently organized by the Department of English at the University of Delhi. Entitled ’Past the post? (New) literatures in English in a globalised world’ ..."--Introd. | ||
| 650 |
_aCommonwealth literature (English) _xHistory and criticism _vCongresses. |
||
| 650 |
_aPostmodernism (Literature) _zCommonwealth countries _vCongresses. |
||
| 650 |
_aPostcolonialism _zCommonwealth countries _vCongresses. |
||
| 650 |
_aPostcolonialism in literature _vCongresses. |
||
| 650 |
_aLiterature and society _zCommonwealth countries _vCongresses. |
||
| 700 | _aSatpathy, Sumanyu | ||
| 942 |
_2ddc _cEN _mSOU _h809.819724 |
||
| 999 |
_c27757 _d27757 |
||